[Event "DM Kandidatklassen 2024"]
[Site "Svendborg"]
[Date "2024.03.29"]
[Round "4"]
[White "Nielsen, Phillip"]
[Black "Iskos, Lukas"]
[Result "1/2-1/2"]
[WhiteElo "2021"]
[BlackElo "2059"]
[PlyCount "91"]
[EventDate "2024.03.26"]
[EventType "swiss"]
[EventRounds "7"]
[EventCountry "DEN"]
[SourceTitle "Live v. Kasper Jerwiarz"]

1. d4 Nf6 2. Bf4 e6 3. e3 d5 4. Nd2 Bd6 5. Bg3 O-O 6. Bd3 c5 7. c3 Qc7 8. Ngf3 Nbd7 9. Bxd6 Qxd6 10. O-O e5 11. dxe5 Nxe5 12. Nxe5 Qxe5 13. Nf3 Qc7 14. Qc2 Re8 15. Rfd1 Bg4 16. Be2 Rad8 17. c4 d4 18. exd4 Bxf3 19. Bxf3 cxd4 20. a3 Qe5 21. g3 Ne4 22. Bxe4 Qxe4 23. Qxe4 Rxe4 24. Rd2 d3 25. b3 f5 26. Rad1 Red4 27. f3 g5 28. Re1 Kf7 29. Kf2 f4 30. Re5 Kf6 31. Re1 R8d7 32. Red1 a5 33. Kg2 Ke7 34. Kh3 R7d6 35. gxf4 gxf4 36. Kg4 Kd7 37. Re1 Re6 38. Re4 Rexe4 39. fxe4 a4 40. bxa4 Rxe4 41. Rxd3+ Ke6 42. Rh3 Rxc4 43. Rxh7 Rxa4 44. Rxb7 Rxa3 45. Kxf4 Kf6 46. Rb6+ 1/2-1/2

[Event "DM Kandidatklassen 2024"]
[Site "Svendborg"]
[Date "2024.03.29"]
[Round "4"]
[White "Nielsen, Henning"]
[Black "Wehding, Anton Bonsvig"]
[Result "1-0"]
[WhiteElo "2025"]
[BlackElo "2056"]
[PlyCount "67"]
[EventDate "2024.03.26"]
[EventType "swiss"]
[EventRounds "7"]
[EventCountry "DEN"]
[SourceTitle "Live v. Kasper Jerwiarz"]

1. e4 c5 2. Nf3 Nc6 3. Bb5 e6 4. d3 Nge7 5. Bxc6 Nxc6 6. O-O Be7 7. Nc3 O-O 8. Be3 d6 9. Qd2 a6 10. a4 Rb8 11. Ne2 d5 12. c3 b5 13. axb5 axb5 14. exd5 exd5 15. Bf4 Rb6 16. Ra8 Re8 17. Rfa1 Bd6 18. Rxc8 Qxc8 19. Bxd6 Nd8 20. Bg3 b4 21. c4 dxc4 22. dxc4 h6 23. h3 Qe6 24. Ra8 Qxe2 25. Rxd8 Rbe6 26. Rxe8+ Rxe8 27. Qd7 Re6 28. b3 Qb2 29. Qd3 Qc3 30. Qd1 f6 31. Bd6 Kh7 32. Bxc5 Ra6 33. Bd4 Rd6 34. Qb1+ 1-0

[Event "DM Kandidatklassen 2024"]
[Site "Svendborg"]
[Date "2024.03.29"]
[Round "4"]
[White "Riis, Soren Moller"]
[Black "Gregor, Bjarke"]
[Result "1/2-1/2"]
[WhiteElo "2216"]
[BlackElo "2127"]
[PlyCount "143"]
[EventDate "2024.03.26"]
[EventType "swiss"]
[EventRounds "7"]
[EventCountry "DEN"]
[SourceTitle "Live v. Kasper Jerwiarz"]

1. d4 d5 2. Nc3 Nf6 3. Bf4 e6 4. e3 Bb4 5. a3 Bxc3+ 6. bxc3 c5 7. dxc5 Qa5 8. Qd3 Nc6 9. Nf3 Ne4 10. Bd6 Nxc5 11. Bxc5 Qxc5 12. c4 dxc4 13. Qxc4 Qa5+ 14. Nd2 O-O 15. Bd3 Ne5 16. Qb4 Nxd3+ 17. cxd3 Qd5 18. Qe4 Rd8 19. Qxd5 Rxd5 20. d4 e5 21. dxe5 Rxe5 22. Nf3 Rc5 23. Kd2 Bg4 24. Nd4 Rd8 25. Rhc1 Rb5 26. Rab1 Rxb1 27. Rxb1 Rd7 28. f3 Be6 29. Rc1 Kf8 30. Rc8+ Ke7 31. Ra8 a6 32. Kd3 Rc7 33. Nxe6 Kxe6 34. Re8+ Kd6 35. Re4 Rc1 36. Rg4 g6 37. Kd2 Ra1 38. a4 b5 39. axb5 axb5 40. Kc3 Ra3+ 41. Kd2 f5 42. Rh4 h5 43. Rd4+ Kc5 44. Rd8 Ra2+ 45. Kc3 Rxg2 46. Rc8+ Kd6 47. Rg8 Ke6 48. f4 h4 49. Rb8 Rxh2 50. Rxb5 h3 51. Rb8 Kd5 52. Kd3 Ra2 53. Rd8+ Ke6 54. Rh8 h2 55. Kd4 Kf6 56. Kd5 Rd2+ 57. Kc4 Ke6 58. Kc3 Rg2 59. Kd4 Kd6 60. Rd8+ Kc6 61. Rc8+ Kb5 62. Rh8 Kc6 63. Rc8+ Kd7 64. Rh8 Ke6 65. Re8+ Kf6 66. Rh8 Kf7 67. Kd3 Kf6 68. Kd4 Ra2 69. Rh7 Ke6 70. Rh8 Ra4+ 71. Kd3 Ra2 72. Re8+ 1/2-1/2

[Event "DM Kandidatklassen 2024"]
[Site "Svendborg"]
[Date "2024.03.29"]
[Round "4"]
[White "Snedker, Oliver Kaehne"]
[Black "Wahlgreen, Noah Krug"]
[Result "1-0"]
[WhiteElo "2015"]
[BlackElo "2051"]
[PlyCount "118"]
[EventDate "2024.03.26"]
[EventType "swiss"]
[EventRounds "7"]
[EventCountry "DEN"]
[SourceTitle "Live v. Kasper Jerwiarz"]

1. e4 c6 2. d4 d5 3. exd5 cxd5 4. Bd3 Nc6 5. c3 Nf6 6. Bf4 Bg4 7. Qb3 Qc8 8. Nd2 e6 9. h3 Bh5 10. Ngf3 Be7 11. O-O O-O 12. Rfe1 Bg6 13. Bxg6 hxg6 14. a4 Ne8 15. Ne5 Nd6 16. Nxc6 bxc6 17. c4 g5 18. Bh2 Nf5 19. Nf3 Bf6 20. Red1 Re8 21. c5 Nh4 22. Qc3 Nxf3+ 23. gxf3 g6 24. f4 gxf4 25. Bxf4 a5 26. Ra3 e5 27. Bxe5 Bxe5 28. dxe5 Qf5 29. Re1 Re6 30. Rb3 Rae8 31. Qd4 Rxe5 32. Rxe5 Rxe5 33. Rb8+ Kh7 34. Qh4+ Qh5 35. Qxh5+ Rxh5 36. Rb6 Rxh3 37. Rxc6 Rh4 38. b3 Rh3 39. Rb6 Rc3 40. Rb5 d4 41. Kf1 Kg7 42. Rxa5 Rxb3 43. Rb5 Ra3 44. a5 Kf6 45. Rb6+ Ke5 46. a6 d3 47. Ke1 Kd4 48. Rd6+ Kc3 49. f4 Ra1+ 50. Kf2 d2 51. c6 Rxa6 52. c7 Ra8 53. Rd8 Rc8 54. Rxc8 d1=Q 55. Rd8 Qh1 56. c8=Q+ Kb4 57. Rd4+ Kb5 58. Qc4+ Kb6 59. Rd6+ Kb7 1-0

[Event "DM Kandidatklassen 2024"]
[Site "Svendborg"]
[Date "2024.03.30"]
[Round "5"]
[White "Medhus, Vitus Bondo"]
[Black "Rewitz, Poul"]
[Result "1-0"]
[WhiteElo "2096"]
[BlackElo "2241"]
[PlyCount "81"]
[EventDate "2024.03.26"]
[EventType "swiss"]
[EventRounds "7"]
[EventCountry "DEN"]
[SourceTitle "Live v. Kasper Jerwiarz"]

1. e4 c6 2. d4 d5 3. f3 e6 4. Nc3 b5 5. Bd3 a6 6. a4 b4 7. Nce2 Bb7 8. c4 c5 9. cxd5 exd5 10. e5 c4 11. Bb1 Nc6 12. f4 Qb6 13. Nf3 Na5 14. Bc2 Ne7 15. f5 Nec6 16. O-O O-O-O 17. Kh1 b3 18. Bb1 f6 19. exf6 gxf6 20. Bd2 Bb4 21. Nf4 Bxd2 22. Qxd2 Qb4 23. Qf2 Nb8 24. Ne6 Rdg8 25. Qh4 Nd7 26. Qf4 Qb6 27. g4 Ba8 28. g5 Qb8 29. Qd2 Nc6 30. gxf6 Nxf6 31. Qh6 Ng4 32. Qh3 Qd6 33. Nfg5 h5 34. Nf7 Qb4 35. Nxh8 Qd2 36. Qg3 Nce5 37. Ng6 Ne3 38. Ne7+ Kb7 39. Qxg8 Nxf1 40. Qc8+ Ka7 41. Qc5+ 1-0

[Event "DM Kandidatklassen 2024"]
[Site "Svendborg"]
[Date "2024.03.30"]
[Round "5"]
[White "Falkesgaard, Jeppe Hald"]
[Black "Hansen, Soren Bech"]
[Result "1/2-1/2"]
[WhiteElo "2200"]
[BlackElo "2213"]
[PlyCount "85"]
[EventDate "2024.03.26"]
[EventType "swiss"]
[EventRounds "7"]
[EventCountry "DEN"]
[SourceTitle "Live v. Kasper Jerwiarz"]

1. c4 f5 2. g3 Nf6 3. Bg2 g6 4. b4 Bg7 5. Bb2 O-O 6. Nf3 d6 7. d3 e5 8. Nc3 Nc6 9. b5 Ne7 10. O-O h6 11. a4 g5 12. a5 a6 13. Qb3 c5 14. bxc6 Nxc6 15. Qb6 Qxb6 16. axb6 Be6 17. Nd2 Rac8 18. Nb3 e4 19. Rad1 Rfd8 20. Ba3 exd3 21. exd3 Kf7 22. Bxc6 Rxc6 23. Na5 Rxb6 24. Na4 Rc6 25. Nxc6 bxc6 26. Rb1 c5 27. Rb7+ Kg6 28. Re1 Bd7 29. Nb6 Bc6 30. Rc7 Bf3 31. Bb2 Rb8 32. Bxf6 Bxf6 33. Nd7 Rb3 34. Nxf6 Kxf6 35. Rh7 Rxd3 36. Rxh6+ Kg7 37. Rhe6 g4 38. Re7+ Kf6 39. R1e6+ Kg5 40. h4+ gxh3 41. Kh2 Rd1 42. Rg7+ Kh5 43. Rh7+ 1/2-1/2

[Event "DM Kandidatklassen 2024"]
[Site "Svendborg"]
[Date "2024.03.30"]
[Round "5"]
[White "Thorsen, Adrian Stenstrop"]
[Black "Loftgaard, Mikkel Vinh"]
[Result "1/2-1/2"]
[WhiteElo "2163"]
[BlackElo "2224"]
[PlyCount "133"]
[EventDate "2024.03.26"]
[EventType "swiss"]
[EventRounds "7"]
[EventCountry "DEN"]
[SourceTitle "Live v. Kasper Jerwiarz"]

1. e4 c5 2. Nf3 e6 3. d4 cxd4 4. Nxd4 Nf6 5. Nc3 Nc6 6. Nxc6 bxc6 7. e5 Nd5 8. Ne4 Qc7 9. f4 Qb6 10. c4 Ne3 11. Qd3 Bb4+ 12. Bd2 Ba6 13. Bxb4 Qxb4+ 14. Kf2 Qxb2+ 15. Be2 Nxc4 16. Rab1 Nxe5 17. fxe5 Qxe5 18. Qxa6 Qxe4 19. Bf3 Qd4+ 20. Ke2 Qe5+ 21. Kf2 Qc5+ 22. Ke2 Qc2+ 23. Ke3 Qc5+ 24. Ke2 O-O 25. Qd3 Rab8 26. Rhc1 Qe5+ 27. Kf2 d5 28. g3 Rxb1 29. Qxb1 c5 30. Kg2 Rb8 31. Rxc5 g6 32. Rb5 Rxb5 33. Qxb5 Kg7 34. Qc5 Qb2+ 35. Qf2 Qa3 36. h4 h5 37. Qd2 Qc5 38. Bxh5 e5 39. Bd1 d4 40. Bf3 f6 41. h5 Qc4 42. Qb2 Kh6 43. hxg6 Kxg6 44. g4 d3 45. Qb3 Qxb3 46. axb3 f5 47. Kf2 e4 48. Bg2 d2 49. Ke2 e3 50. Bf3 fxg4 51. Bxg4 Kg5 52. Be6 a5 53. Bc4 Kf4 54. Kd1 Kf3 55. Be2+ Kf2 56. Bh5 Kf1 57. Bg4 Kf2 58. Be2 Kg1 59. Kc2 Kf2 60. Kd3 Ke1 61. Kxe3 d1=Q 62. Bxd1 Kxd1 63. Kd3 Kc1 64. Kc3 Kb1 65. Kc4 Kb2 66. Kb5 Kxb3 67. Kxa5 1/2-1/2

[Event "DM Kandidatklassen 2024"]
[Site "Svendborg"]
[Date "2024.03.30"]
[Round "5"]
[White "Jarlskov, Daniel Tuk Hartso"]
[Black "Thuesen, Mogens Henrik"]
[Result "0-1"]
[WhiteElo "2130"]
[BlackElo "2158"]
[PlyCount "58"]
[EventDate "2024.03.26"]
[EventType "swiss"]
[EventRounds "7"]
[EventCountry "DEN"]
[SourceTitle "Live v. Kasper Jerwiarz"]

1. d4 Nf6 2. c4 e6 3. Nf3 c5 4. d5 b5 5. dxe6 fxe6 6. cxb5 d5 7. e3 Bd6 8. Be2 O-O 9. O-O a6 10. bxa6 Nxa6 11. Nc3 Bb7 12. b3 e5 13. Nb5 e4 14. Ne1 Be5 15. Rb1 Qb8 16. g3 Nc7 17. a4 Nxb5 18. Bxb5 Qc8 19. Be2 Qh3 20. f4 exf3 21. Bxf3 Ng4 22. Qc2 Ba6 23. Rf2 Bxg3 24. Bxg4 Bxf2+ 25. Qxf2 Qxg4+ 26. Qg3 Qxg3+ 27. hxg3 Rf1+ 28. Kg2 Rxe1 29. Ba3 Rxb1 0-1

[Event "DM Kandidatklassen 2024"]
[Site "Svendborg"]
[Date "2024.03.30"]
[Round "5"]
[White "Nielsen, Henning"]
[Black "Meskenas, Paulius"]
[Result "0-1"]
[WhiteElo "2025"]
[BlackElo "2187"]
[PlyCount "70"]
[EventDate "2024.03.26"]
[EventType "swiss"]
[EventRounds "7"]
[EventCountry "DEN"]
[SourceTitle "Live v. Kasper Jerwiarz"]

1. e4 e5 2. Nf3 Nc6 3. Bc4 Bc5 4. b4 Bxb4 5. c3 Ba5 6. d4 d6 7. O-O Bg4 8. Qa4 Bxf3 9. gxf3 exd4 10. Bb5 Bb6 11. Bxc6+ bxc6 12. Qxc6+ Kf8 13. Rd1 Ne7 14. Qc4 dxc3 15. Nxc3 Ng6 16. Qd5 Rb8 17. Ba3 Qf6 18. Ne2 Rd8 19. Qh5 Re8 20. Rab1 Ne5 21. Rb3 Nc4 22. Bc1 Re5 23. Qh3 g5 24. Ng3 h5 25. Qc8+ Kg7 26. Nf5+ Kh7 27. Qa6 Rc5 28. Rbd3 Ne5 29. Bb2 Rc2 30. Bd4 Bxd4 31. Nxd4 Nxd3 32. Qxd3 Rc5 33. Nb3 Rc3 34. Qb1 Rxf3 35. e5+ Qf5 0-1

[Event "DM Kandidatklassen 2024"]
[Site "Svendborg"]
[Date "2024.03.30"]
[Round "5"]
[White "Veiergang, Oscar Jacob"]
[Black "Perets, Dmytro"]
[Result "0-1"]
[WhiteElo "2041"]
[BlackElo "2137"]
[PlyCount "48"]
[EventDate "2024.03.26"]
[EventType "swiss"]
[EventRounds "7"]
[EventCountry "DEN"]
[SourceTitle "Live v. Kasper Jerwiarz"]

1. e4 c5 2. Nc3 Nc6 3. Bb5 Nd4 4. Nf3 g6 5. Bc4 Bg7 6. Nxd4 cxd4 7. Qf3 Nh6 8. d3 O-O 9. Ne2 Qb6 10. h4 Ng4 11. Bb3 h5 12. Qg3 e6 13. f3 Ne3 14. Bxe3 dxe3 15. c3 a5 16. O-O-O a4 17. Bc2 a3 18. b3 Bxc3 19. Nxc3 Qd4 20. Qe1 Ra6 21. Bb1 Rc6 22. Kc2 b5 23. b4 Qxb4 24. d4 Ba6 0-1

[Event "DM Kandidatklassen 2024"]
[Site "Svendborg"]
[Date "2024.03.30"]
[Round "5"]
[White "Zander, Emil"]
[Black "Koch Mueller, Oscar"]
[Result "1-0"]
[WhiteElo "2137"]
[BlackElo "1996"]
[PlyCount "115"]
[EventDate "2024.03.26"]
[EventType "swiss"]
[EventRounds "7"]
[EventCountry "DEN"]
[SourceTitle "Live v. Kasper Jerwiarz"]

1. e4 e6 2. d4 d5 3. e5 c5 4. c3 Nc6 5. Nf3 Qb6 6. a3 f6 7. Bd3 fxe5 8. Nxe5 Nf6 9. O-O Bd6 10. Nxc6 bxc6 11. dxc5 Bxc5 12. b4 Bd6 13. c4 Qb8 14. f4 O-O 15. cxd5 exd5 16. Nc3 Ng4 17. Qc2 Bxf4 18. Bxh7+ Kh8 19. g3 Ne3 20. Bxe3 Bxe3+ 21. Kg2 Ba6 22. Bd3 Bxd3 23. Qxd3 Qe5 24. Rae1 Rxf1 25. Rxe3 Qf6 26. Qxf1 Qxf1+ 27. Kxf1 d4 28. Re6 c5 29. Nb5 cxb4 30. axb4 Rb8 31. Nxa7 Rxb4 32. Nc6 Rb1+ 33. Kf2 d3 34. Rd6 Rb2+ 35. Kf3 Rxh2 36. Rxd3 Rc2 37. Nd4 Rc5 38. Ne6 Rc6 39. Ng5 Rc8 40. Rd6 Kg8 41. Kg4 Kf8 42. Kh5 Ke7 43. Re6+ Kf8 44. Kg6 Ra8 45. g4 Rb8 46. Ne4 Rb4 47. g5 Rb8 48. Nd6 Rd8 49. Nf5 Rd7 50. Rb6 Rd8 51. Nxg7 Kg8 52. Nf5 Kh8 53. Rb7 Rg8+ 54. Rg7 Rxg7+ 55. Nxg7 Kg8 56. Ne6 Kh8 57. Kf7 Kh7 58. g6+ 1-0

[Event "DM Kandidatklassen 2024"]
[Site "Svendborg"]
[Date "2024.03.30"]
[Round "5"]
[White "Nielsen Refs, Karl Emil Elmer"]
[Black "Nielsen, Phillip"]
[Result "1-0"]
[WhiteElo "2067"]
[BlackElo "2021"]
[PlyCount "185"]
[EventDate "2024.03.26"]
[EventType "swiss"]
[EventRounds "7"]
[EventCountry "DEN"]
[SourceTitle "Live v. Kasper Jerwiarz"]

1. d4 d5 2. c4 e6 3. Nc3 Nf6 4. cxd5 exd5 5. Bg5 Be7 6. e3 O-O 7. Bd3 Nbd7 8. Nge2 c6 9. Qc2 Re8 10. O-O Nf8 11. Rad1 g6 12. f3 Ne6 13. Bh4 Ng7 14. Kh1 Bf5 15. Bf2 Bxd3 16. Qxd3 Bd6 17. e4 dxe4 18. fxe4 Be7 19. Qf3 Rf8 20. d5 cxd5 21. Bh4 Nd7 22. Bxe7 Qxe7 23. Nxd5 Qe5 24. Qh3 Rad8 25. Ng1 Kh8 26. Nf3 Qh5 27. Qg3 Ne6 28. h3 Qh6 29. b4 Qh5 30. e5 Qh6 31. Rde1 b5 32. Re4 Qg7 33. Rh4 f6 34. Re1 fxe5 35. Nxe5 Nxe5 36. Rxe5 Qf7 37. Kh2 Ng7 38. Nf4 Rd6 39. Qg5 Nf5 40. Rg4 a6 41. Rc5 Qf6 42. Qxf6+ Rdxf6 43. Nd5 Rd6 44. Re4 Kg7 45. Nc7 Kh6 46. Re6 Rfd8 47. Rxd6 Rxd6 48. Rd5 Rc6 49. Rc5 Rd6 50. a4 Nd4 51. axb5 axb5 52. Nxb5 Nxb5 53. Rxb5 Rd3 54. Rc5 Rb3 55. Rc4 g5 56. h4 gxh4 57. Rxh4+ Kg6 58. Rf4 Kg5 59. Rc4 Kg6 60. g3 h5 61. Kh3 Rb1 62. Rc6+ Kg5 63. Rc5+ Kg6 64. b5 Rh1+ 65. Kg2 Rb1 66. Kf3 Rb4 67. Rc6+ Kg5 68. Rc5+ Kg6 69. Rc6+ Kg5 70. b6 Kf5 71. Rc5+ Kg6 72. Rc6+ Kf5 73. Ke3 Kg4 74. Rg6+ Kf5 75. Rd6 Ke5 76. Rh6 Rb3+ 77. Kf2 Ke4 78. Kg2 Rb5 79. Kh3 Kf3 80. Rf6+ Ke4 81. Kh4 Ke5 82. Rg6 Ke4 83. Rh6 Kf3 84. Re6 Kg2 85. Rf6 Kh2 86. g4 hxg4 87. Kxg4 Kg2 88. Kf4 Kh3 89. Rh6+ Kg2 90. Ke4 Kf2 91. Kd4 Kf3 92. Kc4 Rb1 93. Kd5 1-0

[Event "DM Kandidatklassen 2024"]
[Site "Svendborg"]
[Date "2024.03.30"]
[Round "5"]
[White "Iskos, Lukas"]
[Black "Sandmann, Villads Majvang"]
[Result "0-1"]
[WhiteElo "2059"]
[BlackElo "1983"]
[PlyCount "132"]
[EventDate "2024.03.26"]
[EventType "swiss"]
[EventRounds "7"]
[EventCountry "DEN"]
[SourceTitle "Live v. Kasper Jerwiarz"]

1. d4 Nf6 2. c4 e6 3. g3 d5 4. Bg2 Bb4+ 5. Bd2 Be7 6. Nf3 O-O 7. O-O dxc4 8. Qc2 a6 9. a4 Bd7 10. a5 Bc6 11. Qxc4 Bb5 12. Qb3 Bxe2 13. Qxb7 Bxf1 14. Qxa8 Bxg2 15. Kxg2 c5 16. dxc5 Bxc5 17. b4 Be7 18. b5 axb5 19. a6 Nbd7 20. Qxd8 Rxd8 21. a7 Nb6 22. Ba5 Nfd5 23. Nc3 Nxc3 24. Bxb6 Ra8 25. Nd4 Nd5 26. Ra6 b4 27. Nc6 Bf6 28. Bd4 Bxd4 29. Nxd4 Kf8 30. f4 Ke8 31. Kf3 Kd7 32. Nb5 b3 33. Ra3 Nc7 34. Nxc7 Kxc7 35. Rxb3 Rxa7 36. Rd3 Ra6 37. h4 Rd6 38. Ra3 Kd7 39. Ra7+ Ke8 40. Ke3 Rd7 41. Ra6 Ke7 42. g4 Rb7 43. Ra3 Kf6 44. Kf3 Rb5 45. Ra7 Rb3+ 46. Kg2 h6 47. Rc7 Rb5 48. Kf3 h5 49. gxh5 Rxh5 50. Kg4 Rh8 51. h5 Ra8 52. Rb7 Re8 53. Rb6 Ke7 54. Rb7+ Kf8 55. Kg5 Ra8 56. Rb5 Kg8 57. h6 Rd8 58. hxg7 Rd5+ 59. Rxd5 exd5 60. Kf5 Kxg7 61. Ke5 Kg6 62. f5+ Kg5 63. f6 Kg6 64. Kxd5 Kxf6 65. Ke4 Kg5 66. Kf3 Kf5 0-1

[Event "DM Kandidatklassen 2024"]
[Site "Svendborg"]
[Date "2024.03.30"]
[Round "5"]
[White "Gregor, Bjarke"]
[Black "Hansen, Per"]
[Result "1-0"]
[WhiteElo "2127"]
[BlackElo "2095"]
[PlyCount "55"]
[EventDate "2024.03.26"]
[EventType "swiss"]
[EventRounds "7"]
[EventCountry "DEN"]
[SourceTitle "Live v. Kasper Jerwiarz"]

1. e4 d6 2. d4 Nf6 3. Nc3 Nbd7 4. Nf3 e5 5. Bc4 Be7 6. O-O c6 7. a4 h6 8. Re1 Qc7 9. h3 g5 10. d5 Nf8 11. a5 g4 12. hxg4 Bxg4 13. Qd3 Ng6 14. Ra3 Rg8 15. a6 b5 16. Bxb5 cxb5 17. Nxb5 Qd7 18. Rc3 Bd8 19. Rc6 Bxf3 20. Nxd6+ Ke7 21. Nf5+ Ke8 22. Qxf3 Nf4 23. Bxf4 exf4 24. Qxf4 Rg6 25. c4 Kf8 26. e5 Ba5 27. e6 fxe6 28. Rexe6 1-0

[Event "DM Kandidatklassen 2024"]
[Site "Svendborg"]
[Date "2024.03.30"]
[Round "5"]
[White "Wehding, Anton Bonsvig"]
[Black "Snedker, Oliver Kaehne"]
[Result "1/2-1/2"]
[WhiteElo "2056"]
[BlackElo "2015"]
[PlyCount "178"]
[EventDate "2024.03.26"]
[EventType "swiss"]
[EventRounds "7"]
[EventCountry "DEN"]
[SourceTitle "Live v. Kasper Jerwiarz"]

1. c4 e5 2. Nc3 Nf6 3. Nf3 Nc6 4. e4 Bb4 5. Nd5 a5 6. a3 Bc5 7. d3 h6 8. Be2 d6 9. O-O O-O 10. Be3 Bxe3 11. fxe3 Nxd5 12. cxd5 Ne7 13. Rc1 Bd7 14. d4 Ng6 15. Nd2 a4 16. Bh5 Qg5 17. Rc3 Bh3 18. Bf3 exd4 19. exd4 Nf4 20. Rf2 Bd7 21. Kh1 Bb5 22. Nf1 Qh4 23. g3 Nh3 24. Rd2 Qf6 25. Kg2 Ng5 26. Rf2 Qe7 27. Nd2 Bd7 28. h4 Nxf3 29. Qxf3 f5 30. e5 dxe5 31. Re3 e4 32. Qf4 Qd6 33. Qxd6 cxd6 34. Rc3 Rfc8 35. Nc4 Ra6 36. Rfc2 g5 37. hxg5 hxg5 38. Nd2 Rxc3 39. Rxc3 Kf7 40. Rc7 Ke8 41. Rxb7 Kd8 42. Kf2 Kc8 43. Rb4 Kd8 44. g4 Ra5 45. gxf5 Bxf5 46. Ke3 Ra7 47. Rb8+ Ke7 48. Nxe4 Bxe4 49. Kxe4 Kf6 50. Re8 Ra6 51. Re6+ Kf7 52. Kf5 Rb6 53. Kxg5 Rxb2 54. Rxd6 Rb3 55. Rd7+ Ke8 56. Ra7 Rxa3 57. Kf4 Kd8 58. d6 Rh3 59. Ke5 Re3+ 60. Kd5 a3 61. d7 Rh3 62. Kc6 Rh6+ 63. Kc5 a2 64. Rxa2 Kxd7 65. Ra7+ Kd8 66. Rf7 Rg6 67. Kd5 Ke8 68. Rc7 Kd8 69. Rc6 Rg5+ 70. Kd6 Rg6+ 71. Kc5 Rg5+ 72. d5 Kd7 73. Rd6+ Kc7 74. Ra6 Kb7 75. Re6 Kc7 76. Re8 Rg6 77. Re7+ Kd8 78. Ra7 Rh6 79. Rg7 Rf6 80. Rh7 Rg6 81. Rh8+ Kd7 82. Rh1 Rf6 83. Rh5 Rg6 84. d6 Rg1 85. Rh7+ Kd8 86. Rh8+ Kd7 87. Rh7+ Kd8 88. d7 Rc1+ 89. Kd6 Rd1+ 1/2-1/2

[Event "DM Kandidatklassen 2024"]
[Site "Svendborg"]
[Date "2024.03.30"]
[Round "5"]
[White "Wahlgreen, Noah Krug"]
[Black "Riis, Soren Moller"]
[Result "1-0"]
[WhiteElo "2051"]
[BlackElo "2216"]
[PlyCount "103"]
[EventDate "2024.03.26"]
[EventType "swiss"]
[EventRounds "7"]
[EventCountry "DEN"]
[SourceTitle "Live v. Kasper Jerwiarz"]

1. e4 c5 2. Nf3 d6 3. d4 cxd4 4. Nxd4 Nf6 5. Nc3 a6 6. h3 e5 7. Nf3 Qc7 8. a4 b6 9. Bd3 Bb7 10. O-O Be7 11. Bg5 Nbd7 12. Re1 h6 13. Bh4 g5 14. Bg3 Nc5 15. Qe2 Ne6 16. Bc4 Kf8 17. Bxe6 fxe6 18. h4 Rg8 19. Nd2 Rc8 20. Nf1 Bd8 21. Rad1 Qe7 22. hxg5 hxg5 23. Qd3 Bc7 24. Ne3 Qh7 25. Nc4 Rd8 26. Qe3 Ke7 27. Kf1 Nh5 28. Rd2 Nf4 29. f3 Qh1+ 30. Qg1 Qxg1+ 31. Kxg1 g4 32. Bh4+ Kf7 33. Bxd8 Rxd8 34. fxg4 Ke7 35. g3 Nh3+ 36. Kf1 Ng5 37. Rh2 Rg8 38. Re3 Bc6 39. b4 Rf8+ 40. Ke2 b5 41. axb5 axb5 42. Na5 Bxa5 43. bxa5 b4 44. Rh5 Rg8 45. Na2 Nxe4 46. Rh7+ Kf6 47. Nxb4 Bb5+ 48. Ke1 Rxg4 49. a6 d5 50. a7 Rg8 51. Rb7 Rh8 52. Rf3+ 1-0

[Event "DM Kandidatklassen 2024"]
[Site "Svendborg"]
[Date "2024.03.31"]
[Round "6"]
[White "Falkesgaard, Jeppe Hald"]
[Black "Medhus, Vitus Bondo"]
[Result "1/2-1/2"]
[WhiteElo "2200"]
[BlackElo "2096"]
[PlyCount "62"]
[EventDate "2024.03.26"]
[EventType "swiss"]
[EventRounds "7"]
[EventCountry "DEN"]
[SourceTitle "Live v. Kasper Jerwiarz"]

1. c4 e5 2. g3 Nf6 3. Bg2 d5 4. cxd5 Nxd5 5. Nc3 Nb6 6. Nf3 Nc6 7. O-O Be7 8. a3 f5 9. d3 Bf6 10. Qc2 O-O 11. Be3 Be6 12. Rac1 Nd5 13. Nxd5 Bxd5 14. Nd2 Bxg2 15. Kxg2 Qd5+ 16. f3 Rad8 17. b4 a5 18. Qb3 axb4 19. axb4 Rf7 20. Qa4 Nd4 21. Rc5 Qe6 22. Re1 h5 23. Bxd4 exd4 24. Qb3 Re8 25. Qxe6 Rxe6 26. Rxf5 Be7 27. Rb5 b6 28. Ne4 g6 29. Rc1 Rf5 30. Rxf5 gxf5 31. Nf2 Bxb4 1/2-1/2

[Event "DM Kandidatklassen 2024"]
[Site "Svendborg"]
[Date "2024.03.31"]
[Round "6"]
[White "Rewitz, Poul"]
[Black "Thorsen, Adrian Stenstrop"]
[Result "1-0"]
[WhiteElo "2241"]
[BlackElo "2163"]
[PlyCount "99"]
[EventDate "2024.03.26"]
[EventType "swiss"]
[EventRounds "7"]
[EventCountry "DEN"]
[SourceTitle "Live v. Kasper Jerwiarz"]

1. d4 d5 2. Nf3 Nf6 3. e3 c6 4. c4 Bf5 5. Nc3 e6 6. Qb3 Qc7 7. Nh4 Bg6 8. Nxg6 hxg6 9. g3 Nbd7 10. Bd2 a5 11. cxd5 exd5 12. Rc1 Qb6 13. Qxb6 Nxb6 14. Bd3 Bb4 15. O-O O-O 16. f3 Rfe8 17. Kf2 Na4 18. Rb1 Bxc3 19. Bxc3 Nxc3 20. bxc3 b5 21. g4 g5 22. Rh1 g6 23. h4 gxh4 24. Rxh4 g5 25. Rhh1 Re7 26. a4 bxa4 27. Rb6 Kg7 28. Ra1 Rh8 29. Bf1 Nd7 30. Rxc6 Rb8 31. Rc7 Rb2+ 32. Be2 a3 33. Rxa3 Re6 34. Rxd7 Rh6 35. Rxd5 f6 36. e4 Rh2+ 37. Ke3 Rbxe2+ 38. Kd3 Ref2 39. Rf5 Rh3 40. Ke3 Rhh2 41. Kd3 Rh3 42. Raxa5 Rfxf3+ 43. Rxf3 Rxf3+ 44. Kc4 Kf7 45. e5 f5 46. gxf5 Rxf5 47. e6+ Kxe6 48. Rxf5 Kxf5 49. Kd3 Kf4 50. Ke2 1-0

[Event "DM Kandidatklassen 2024"]
[Site "Svendborg"]
[Date "2024.03.31"]
[Round "6"]
[White "Hansen, Soren Bech"]
[Black "Thuesen, Mogens Henrik"]
[Result "0-1"]
[WhiteElo "2213"]
[BlackElo "2158"]
[PlyCount "124"]
[EventDate "2024.03.26"]
[EventType "swiss"]
[EventRounds "7"]
[EventCountry "DEN"]
[SourceTitle "Live v. Kasper Jerwiarz"]

1. e4 e5 2. Bc4 Nf6 3. d3 c6 4. Nf3 d5 5. Bb3 Bb4+ 6. Bd2 Bxd2+ 7. Qxd2 O-O 8. Nxe5 Qe7 9. f4 dxe4 10. O-O exd3 11. Nxd3 Bf5 12. Nc3 Nbd7 13. Rad1 Bxd3 14. Qxd3 Nc5 15. Qf3 Nxb3 16. axb3 Rfe8 17. h3 h6 18. Qf2 Qb4 19. Rd4 Qa5 20. Rfd1 Qf5 21. b4 a5 22. bxa5 Rxa5 23. Rb4 Ne4 24. Nxe4 Rxe4 25. Rxb7 Rxf4 26. Qb6 Rd5 27. Rb8+ Kh7 28. Rd8 Rxd1+ 29. Rxd1 Qxc2 30. Rf1 Rxf1+ 31. Kxf1 Qe4 32. Kg1 g5 33. b4 Kg6 34. Qc5 h5 35. Qd6+ f6 36. Qf8 Qe1+ 37. Kh2 Qe6 38. Kh1 g4 39. hxg4 hxg4 40. g3 Qe1+ 41. Kg2 Qd2+ 42. Kg1 Qe1+ 43. Kg2 Qe2+ 44. Kg1 Qe3+ 45. Kg2 Qf3+ 46. Kh2 Qf2+ 47. Kh1 Qf1+ 48. Kh2 Qh3+ 49. Kg1 Qxg3+ 50. Kh1 Qh3+ 51. Kg1 Qg3+ 52. Kh1 Qf3+ 53. Kg1 Qe3+ 54. Kg2 Qe2+ 55. Kg1 Qe6 56. Kf2 Kf5 57. Qc5+ Qd5 58. Qf8 Qd4+ 59. Kg3 Qe3+ 60. Kg2 Qe2+ 61. Kg1 g3 62. Qc8+ Qe6 0-1

[Event "DM Kandidatklassen 2024"]
[Site "Svendborg"]
[Date "2024.03.31"]
[Round "6"]
[White "Loftgaard, Mikkel Vinh"]
[Black "Meskenas, Paulius"]
[Result "1/2-1/2"]
[WhiteElo "2224"]
[BlackElo "2187"]
[PlyCount "49"]
[EventDate "2024.03.26"]
[EventType "swiss"]
[EventRounds "7"]
[EventCountry "DEN"]
[SourceTitle "Live v. Kasper Jerwiarz"]

1. e4 e5 2. Nf3 Nc6 3. d4 exd4 4. Nxd4 Bc5 5. Nxc6 bxc6 6. Nc3 Qf6 7. Qf3 Qxf3 8. gxf3 Rb8 9. Bc4 Ne7 10. Be3 Bxe3 11. fxe3 f5 12. exf5 Nxf5 13. O-O-O d5 14. Bb3 Nh4 15. e4 d4 16. Rxd4 Nxf3 17. Rd3 Ne5 18. Rg3 g6 19. Rg5 Nf3 20. Rc5 Bd7 21. e5 Ke7 22. Ne4 Rb5 23. Rc3 Nd4 24. Rc5 Nf3 25. Ba4 1/2-1/2